<?xml version="1.0" encoding="UTF-8"?><?xml-stylesheet type="text/xsl" href="static/style.xsl"?><OAI-PMH xmlns="http://www.openarchives.org/OAI/2.0/" xmlns:xsi="http://www.w3.org/2001/XMLSchema-instance" xsi:schemaLocation="http://www.openarchives.org/OAI/2.0/ http://www.openarchives.org/OAI/2.0/OAI-PMH.xsd"><responseDate>2026-04-14T04:00:15Z</responseDate><request verb="GetRecord" identifier="oai:www.recercat.cat:10256/19878" metadataPrefix="marc">https://recercat.cat/oai/request</request><GetRecord><record><header><identifier>oai:recercat.cat:10256/19878</identifier><datestamp>2024-10-29T15:12:57Z</datestamp><setSpec>com_2072_452955</setSpec><setSpec>com_2072_2054</setSpec><setSpec>col_2072_452964</setSpec></header><metadata><record xmlns="http://www.loc.gov/MARC21/slim" xmlns:dcterms="http://purl.org/dc/terms/" xmlns:xsi="http://www.w3.org/2001/XMLSchema-instance" xmlns:doc="http://www.lyncode.com/xoai" xsi:schemaLocation="http://www.loc.gov/MARC21/slim http://www.loc.gov/standards/marcxml/schema/MARC21slim.xsd">
   <leader>00925njm 22002777a 4500</leader>
   <datafield ind2=" " ind1=" " tag="042">
      <subfield code="a">dc</subfield>
   </datafield>
   <datafield ind2=" " ind1=" " tag="720">
      <subfield code="a">Sánchez-Cantalejo, Carmen</subfield>
      <subfield code="e">author</subfield>
   </datafield>
   <datafield ind2=" " ind1=" " tag="720">
      <subfield code="a">Rueda, María José</subfield>
      <subfield code="e">author</subfield>
   </datafield>
   <datafield ind2=" " ind1=" " tag="720">
      <subfield code="a">Sáez Zafra, Marc</subfield>
      <subfield code="e">author</subfield>
   </datafield>
   <datafield ind2=" " ind1=" " tag="720">
      <subfield code="a">Enrique, Iria</subfield>
      <subfield code="e">author</subfield>
   </datafield>
   <datafield ind2=" " ind1=" " tag="720">
      <subfield code="a">Ferri García, Ramón</subfield>
      <subfield code="e">author</subfield>
   </datafield>
   <datafield ind2=" " ind1=" " tag="720">
      <subfield code="a">Fuente, Miguel de la</subfield>
      <subfield code="e">author</subfield>
   </datafield>
   <datafield ind2=" " ind1=" " tag="720">
      <subfield code="a">Villegas, Román</subfield>
      <subfield code="e">author</subfield>
   </datafield>
   <datafield ind2=" " ind1=" " tag="720">
      <subfield code="a">Castro, Luis</subfield>
      <subfield code="e">author</subfield>
   </datafield>
   <datafield ind2=" " ind1=" " tag="720">
      <subfield code="a">Barceló Rado, María Antonia</subfield>
      <subfield code="e">author</subfield>
   </datafield>
   <datafield ind2=" " ind1=" " tag="720">
      <subfield code="a">Daponte Codina, Antonio</subfield>
      <subfield code="e">author</subfield>
   </datafield>
   <datafield ind2=" " ind1=" " tag="720">
      <subfield code="a">Lorusso, Nicola</subfield>
      <subfield code="e">author</subfield>
   </datafield>
   <datafield ind2=" " ind1=" " tag="720">
      <subfield code="a">Cabrera-León, Andrés</subfield>
      <subfield code="e">author</subfield>
   </datafield>
   <datafield ind2=" " ind1=" " tag="260">
      <subfield code="c">2021-07-31</subfield>
   </datafield>
   <datafield ind2=" " ind1=" " tag="520">
      <subfield code="a">This manuscript describes the rationale and protocol of a real-world data (RWD) study entitled Health Care and Social Survey (ESSOC, Encuesta Sanitaria y Social). The study’s objective is to determine the magnitude, characteristics, and evolution of the COVID-19 impact on overall health as well as the socioeconomic, psychosocial, behavioural, occupational, environmental, and clinical determinants of both the general and more vulnerable population. The study integrates observational data collected through a survey using a probabilistic, overlapping panel design, and data from clinical, epidemiological, demographic, and environmental registries. The data will be analysed using advanced statistical, sampling, and machine learning techniques. The study is based on several measurements obtained from three random samples of the Andalusian (Spain) population: general population aged 16 years and over, residents in disadvantaged areas, and people over the age of 55. Given the current characteristics of this pandemic and its future repercussions, this project will generate relevant information on a regular basis, commencing from the beginning of the State of Alarm. It will also establish institutional alliances of great social value, explore and apply powerful and novel methodologies, and produce large, integrated, high-quality and open-access databases. The information described here will be vital for health systems in order to design tailor-made interventions aimed at improving the health care, health, and quality of life of the populations most affected by the COVID-19 pandemic</subfield>
   </datafield>
   <datafield ind2=" " ind1=" " tag="520">
      <subfield code="a">The funding received to date for this research is partly public, obtained from funds of the&#xd;
Andalusian Institute of Statistics and Cartography (IECA) and the Andalusian School of Public Health&#xd;
(EASP), and partly private, obtained from the competitive calls of the SUPERA COVID-19 Fund of&#xd;
Santander Universities (SAUN), the Conference of Spanish University Rectors (CRUE, Conferencia&#xd;
de Rectores de Universidades Españolas), and the Spanish National Research Council (CSIC, Consejo Superior de Investigaciones Científicas), in addition to the COVID-19 Competitive Grant Program&#xd;
from Pfizer Global Medical Grants. The private funding sources did not participate in the design&#xd;
or conduct of the study; the collection, management, analysis, or interpretation of the data; or the&#xd;
preparation, review, or approval of the manuscript. This work is also supported in part by the&#xd;
IMAG–Maria de Maeztu grant CEX2020-001105-M/AEI/10.13039/501100011033 and by Ministerio&#xd;
de Ciencia e Innovación, Spain [grant number PID2019-106861RB-I00/AEI/10.13039/501100011033]</subfield>
   </datafield>
   <datafield tag="653" ind2=" " ind1=" ">
      <subfield code="a">Pandèmia de COVID-19, 2020-</subfield>
   </datafield>
   <datafield tag="653" ind2=" " ind1=" ">
      <subfield code="a">COVID-19 Pandemic, 2020-</subfield>
   </datafield>
   <datafield tag="653" ind2=" " ind1=" ">
      <subfield code="a">Assistència sanitària -- Enquestes</subfield>
   </datafield>
   <datafield tag="653" ind2=" " ind1=" ">
      <subfield code="a">Medical care -- Surveys</subfield>
   </datafield>
   <datafield tag="653" ind2=" " ind1=" ">
      <subfield code="a">Enquestes socials</subfield>
   </datafield>
   <datafield tag="653" ind2=" " ind1=" ">
      <subfield code="a">Social surveys</subfield>
   </datafield>
   <datafield ind2="0" ind1="0" tag="245">
      <subfield code="a">Impact of covid-19 on the health of the general and more vulnerable population and its determinants: Health care and social survey–essoc, study protocol</subfield>
   </datafield>
</record></metadata></record></GetRecord></OAI-PMH>